[Event "5. Oeffinger Schachopen 2014"]
[Site "Fellbach"]
[Date "2014.06.06"]
[Round "1.2"]
[White "Holzhäuer, Mathias (FM)"]
[Black "Ehmann, Rainer"]
[Result "1-0"]
[WhiteElo "2287"]
[BlackElo "1773"]
[PlyCount "53"]
[EventDate "2012.??.??"]

1. e4 c5 2. Nc3 Nc6 3. Bb5 a6 4. Bxc6 dxc6 5. d3 e5 6. f4 Bd6 7. fxe5 Bxe5 8.
Nf3 Bg4 9. O-O Qc7 10. h3 Bd4+ 11. Kh1 h5 12. Qe1 Bxf3 13. Rxf3 Nf6 14. Bf4 Qe7
15. Ne2 Be5 16. Rb1 Nd7 17. b4 cxb4 18. Rxb4 b5 19. Rb1 Bf6 20. e5 Bh4 21. Bg3
Bxg3 22. Qxg3 g5 23. Rbf1 Rh7 24. Nd4 c5 25. Nf5 h4 26. Qg4 Nxe5 27. Qe4 1-0

[Event "5. Oeffinger Schachopen 2014"]
[Site "Fellbach"]
[Date "2014.06.06"]
[Round "1.1"]
[White "Tölg, Wolfgang"]
[Black "Schnepp, Gunnar (FM)"]
[Result "1/2-1/2"]
[WhiteElo "1777"]
[BlackElo "2303"]
[PlyCount "34"]
[EventDate "2014.??.??"]

1. e4 c5 2. Nf3 e6 3. d4 cxd4 4. Nxd4 Nc6 5. Nc3 Qc7 6. Be3 a6 7. Be2 Nf6 8.
O-O Bb4 9. Nxc6 Qxc6 10. Bd4 Bxc3 11. Bxc3 Qxe4 12. Bf3 Qf4 13. Re1 O-O 14. Be5
Qf5 15. Bd6 Re8 16. Re5 Qg6 17. h4 h6 1/2-1/2

[Event "5. Oeffinger Schachopen 2014"]
[Site "Fellbach"]
[Date "2014.06.06"]
[Round "1.3"]
[White "Schreiber, Stephan"]
[Black "Degenhardt, Horst (FM)"]
[Result "0-1"]
[WhiteElo "1772"]
[BlackElo "2254"]
[PlyCount "90"]
[EventDate "2014.??.??"]

1. d4 d6 2. Bf4 g6 3. e3 Bg7 4. Be2 Nd7 5. Nf3 c5 6. c3 Ngf6 7. h3 O-O 8. Nbd2
b6 9. O-O Bb7 10. Re1 Re8 11. Qc2 Rc8 12. Rad1 a6 13. dxc5 Nxc5 14. Nb3 Qc7 15.
Nxc5 Qxc5 16. Nd4 e5 17. Nb3 Qc7 18. Bh2 b5 19. a3 Qb6 20. Qd3 Red8 21. Kh1 Be4
22. Qd2 Bd5 23. Qc2 h5 24. Bd3 a5 25. f3 b4 26. axb4 axb4 27. e4 Be6 28. c4 Qc7
29. Nd2 Bh6 30. b3 h4 31. Qb2 Nh5 32. Nf1 Bf4 33. Bxf4 Nxf4 34. Ne3 Ra8 35. Bf1
Ra5 36. Ra1 Rda8 37. Nc2 Qc5 38. Rxa5 Rxa5 39. Ne3 Ra3 40. Nc2 Qf2 41. Qb1 Nh5
42. Nxb4 Bxh3 43. Kh2 Ng3 44. Re2 Nxf1+ 45. Kh1 Bxg2# 0-1

[Event "5. Oeffinger Schachopen 2014"]
[Site "Fellbach"]
[Date "2014.06.06"]
[Round "1.4"]
[White "Vaysberg, Alexander"]
[Black "Hahn, Martin"]
[Result "1-0"]
[WhiteElo "2178"]
[BlackElo "1769"]
[PlyCount "83"]
[EventDate "2014.??.??"]

1. d4 d5 2. Nf3 Nf6 3. e3 e6 4. Bd3 c5 5. b3 Nc6 6. Bb2 Bd6 7. Ne5 O-O 8. Nd2
Qc7 9. Nxc6 bxc6 10. dxc5 Be5 11. Bxe5 Qxe5 12. b4 a5 13. bxa5 Rxa5 14. Nb3 Ra4
15. h3 Qg5 16. O-O e5 17. f4 exf4 18. exf4 Rxf4 19. Rxf4 Qxf4 20. Qd2 Qa4 21.
a3 Bd7 22. Qb4 Ra8 23. Qxa4 Rxa4 24. Kf2 Be6 25. Ke3 Ne4 26. Nd4 Nxc5 27. Nxc6
Nxd3 28. cxd3 f6 29. Nb4 Ra5 30. Kd4 Kf7 31. Nc6 Ra4+ 32. Kc5 Bf5 33. Kb5 Rf4
34. Nb4 Bd7+ 35. Kc5 Ba4 36. Nxd5 Rf2 37. Nc3 Bc2 38. d4 Rxg2 39. a4 Rg3 40.
Nb5 Bxa4 41. Rxa4 Rxh3 42. d5 1-0

[Event "5. Oeffinger Schachopen 2014"]
[Site "Fellbach"]
[Date "2014.06.06"]
[Round "1.5"]
[White "Zimmermann, Tobias"]
[Black "Heining, Thomas"]
[Result "0-1"]
[WhiteElo "1768"]
[BlackElo "2117"]
[PlyCount "108"]
[EventDate "2014.??.??"]

1. e4 c5 2. Nf3 d6 3. d4 cxd4 4. Nxd4 Nf6 5. Nc3 g6 6. Be3 Bg7 7. Be2 O-O 8.
O-O Nc6 9. Qd2 Bd7 10. f4 Rc8 11. Rae1 a6 12. Bf3 Qc7 13. Qf2 b5 14. Nxc6 Bxc6
15. Bb6 Qb7 16. e5 dxe5 17. fxe5 Nd7 18. Bd4 Bxf3 19. Qxf3 Qxf3 20. Rxf3 Rc4
21. Rd3 e6 22. a3 Nb8 23. Bf2 Rfc8 24. Rd4 Rxd4 25. Bxd4 Nc6 26. Ne2 Nxe5 27.
Bc3 Nc4 28. Nd4 Nxa3 29. Ra1 e5 30. Nf3 Nxc2 31. Rxa6 Nd4 32. Kf2 Nxf3 33. gxf3
e4 34. Rb6 Bxc3 35. bxc3 Rxc3 36. fxe4 Rb3 37. e5 Kf8 38. Rb7 b4 39. e6 fxe6
40. Rxh7 Rb1 41. Ke3 Kg8 42. Rb7 b3 43. Kd3 Rh1 44. Rxb3 Rxh2 45. Rb7 Rh7 46.
Rb6 Re7 47. Ke4 Kf7 48. Ke5 Ra7 49. Rb5 Rd7 50. Ra5 Rd5+ 51. Rxd5 exd5 52. Kxd5
Kf6 53. Ke4 Kg5 54. Kf3 Kh4 0-1

[Event "5. Oeffinger Schachopen 2014"]
[Site "Fellbach"]
[Date "2014.06.06"]
[Round "1.6"]
[White "Koch, Martin"]
[Black "Baric, Andrej"]
[Result "0-1"]
[WhiteElo "2066"]
[BlackElo "1766"]
[PlyCount "78"]
[EventDate "2014.??.??"]

1. e4 c5 2. d4 cxd4 3. c3 d3 4. Bxd3 Nc6 5. Nf3 d6 6. O-O Nf6 7. h3 g6 8. c4
Bg7 9. Nc3 O-O 10. Be3 Nd7 11. Qd2 Nde5 12. Nxe5 Nxe5 13. Be2 Be6 14. b3 Qc8
15. Rac1 b6 16. f4 Nc6 17. Bf3 Qb7 18. Nd5 Rad8 19. b4 Bc8 20. a3 e6 21. Nc3
Qb8 22. Rfd1 Bb7 23. Nb5 d5 24. cxd5 exd5 25. e5 d4 26. Bf2 Ne7 27. Bxb7 Qxb7
28. Rc7 Qa6 29. Qd3 Nd5 30. Rxa7 Qc8 31. Nd6 Rxd6 32. exd6 Nxf4 33. Qd2 Bh6 34.
Qxd4 Ne2+ 35. Kh2 Nxd4 36. Rxd4 Bg7 37. Rc7 Qd8 38. Rd5 Be5+ 39. Kg1 Bxd6 0-1

[Event "5. Oeffinger Schachopen 2014"]
[Site "Fellbach"]
[Date "2014.06.06"]
[Round "1.7"]
[White "Kadic, Ramo"]
[Black "Gabriel, Josef"]
[Result "0-1"]
[WhiteElo "1758"]
[BlackElo "2056"]
[PlyCount "130"]
[EventDate "2014.??.??"]

1. d4 Nf6 2. Nc3 g6 3. e4 d6 4. Bc4 Bg7 5. Nf3 O-O 6. Be3 a6 7. Qd2 b5 8. Bd3
Bb7 9. d5 c5 10. dxc6 Nxc6 11. Rb1 Ng4 12. Bg5 h6 13. Bh4 Rc8 14. Nd5 g5 15.
Bg3 e6 16. Ne3 Nxe3 17. fxe3 d5 18. O-O dxe4 19. Bxe4 Qb6 20. Bf2 Rfd8 21. Qe1
Ne7 22. Bxb7 Qxb7 23. c3 Qe4 24. Qe2 Nd5 25. Rbd1 Nf4 26. Qe1 Nd3 27. Qe2 Rd7
28. Nd4 Ne5 29. Nb3 Rdc7 30. Rd4 Qg6 31. Rfd1 Nc4 32. Rd8+ Kh7 33. Rxc8 Rxc8
34. e4 Be5 35. Nd4 g4 36. Rd3 h5 37. Bg3 Qg5 38. Bxe5 Nxe5 39. Qe3 Qg6 40. Rd1
Rg8 41. b3 Rc8 42. Ne2 h4 43. Qf4 Qh5 44. Rd2 Kg7 45. Kf2 Ng6 46. Qd6 Qg5 47.
Qd4+ Kg8 48. Rd1 g3+ 49. Kg1 Nf4 50. Nxf4 Qxf4 51. Rd3 Qc1+ 52. Rd1 Rxc3 53.
Qd8+ Kg7 54. Qd4+ Kg6 55. Rf1 Qe3+ 56. Qxe3 Rxe3 57. Rf3 Re1+ 58. Rf1 Rxe4 59.
Rf3 Re1+ 60. Rf1 Rxf1+ 61. Kxf1 Kf5 62. Ke2 Ke4 63. Kd2 b4 64. Ke2 f5 65. Kd2
f4 0-1

[Event "5. Oeffinger Schachopen 2014"]
[Site "Fellbach"]
[Date "2014.06.06"]
[Round "1.8"]
[White "Syed, Tareq"]
[Black "Jahnke, Manfred"]
[Result "1-0"]
[WhiteElo "2041"]
[BlackElo "1752"]
[PlyCount "55"]
[EventDate "2014.??.??"]

1. d3 g6 2. g3 Bg7 3. Bg2 Nc6 4. c4 e6 5. Nc3 Nge7 6. Bd2 b6 7. b4 Rb8 8. Rb1
O-O 9. Rb3 d5 10. c5 Nd4 11. Ra3 a6 12. Nf3 Nec6 13. Nxd4 Nxd4 14. e3 Nc6 15.
Ne2 bxc5 16. bxc5 Qe7 17. d4 Rd8 18. Nf4 Na7 19. O-O c6 20. Nd3 f6 21. Nb4 e5
22. Nxa6 Rb7 23. Nb4 Bf8 24. Rxa7 Rxa7 25. Nxc6 Qc7 26. Nxd8 Qxd8 27. Qb3 Qe8
28. Bxd5+ 1-0

[Event "5. Oeffinger Schachopen 2014"]
[Site "Fellbach"]
[Date "2014.06.06"]
[Round "1.12"]
[White "Vrabac, Branko"]
[Black "Naundorf, Jo"]
[Result "1-0"]
[WhiteElo "2011"]
[BlackElo "1725"]
[PlyCount "67"]
[EventDate "2014.??.??"]

1. f4 f5 2. e4 Nf6 3. exf5 d5 4. g4 h5 5. g5 Ne4 6. Bh3 c5 7. Nf3 Nc6 8. Nh4
Qc7 9. d3 Nd6 10. Nc3 d4 11. Ne4 Bd7 12. Qf3 Nb4 13. Qe2 O-O-O 14. Ng3 c4 15.
O-O cxd3 16. cxd3 Kb8 17. a3 Nd5 18. Bg2 Bc6 19. Bd2 Qb6 20. Ng6 Rh7 21. Nxh5
Nxf5 22. Qe5+ Nd6 23. Nxf8 Rxf8 24. Nxg7 Rfh8 25. Nf5 Ne3 26. Nxe3 Rxh2 27. Nd5
Qxb2 28. Rad1 Qa2 29. g6 R2h4 30. g7 Rg8 31. Qxe7 Nb5 32. Qxh4 Bxd5 33. f5 Rxg7
34. Qd8# 1-0

[Event "5. Oeffinger Schachopen 2014"]
[Site "Fellbach"]
[Date "2014.06.06"]
[Round "1.38"]
[White "Shishkin, Vadim (GM)"]
[Black "Steinhart, Matthias"]
[Result "1-0"]
[WhiteElo "2489"]
[BlackElo "1779"]
[PlyCount "59"]
[EventDate "2014.??.??"]

1. d4 d5 2. c4 Nc6 3. Nc3 dxc4 4. Nf3 Nf6 5. e3 e6 6. Bxc4 Bb4 7. O-O O-O 8.
Qc2 h6 9. Rd1 Nb8 10. e4 c6 11. Bf4 Nbd7 12. a3 Bxc3 13. bxc3 Qa5 14. e5 Nd5
15. Bd2 Qd8 16. Ba2 f5 17. exf6 N7xf6 18. Re1 Re8 19. Re2 Nh7 20. Rae1 a5 21.
Ne5 Nf8 22. Bb1 Qf6 23. Re4 Qe7 24. Rg4 Nf6 25. Rg3 Kh8 26. Ng6+ Nxg6 27. Qxg6
Qf8 28. Rf3 Re7 29. Bxh6 gxh6 30. Rxf6 1-0

[Event "5. Oeffinger Schachopen 2014"]
[Site "Fellbach"]
[Date "2014.06.07"]
[Round "2.1"]
[White "Brunner, Jürgen"]
[Black "Shishkin, Vadim (GM)"]
[Result "0-1"]
[WhiteElo "1868"]
[BlackElo "2489"]
[PlyCount "88"]
[EventDate "2014.??.??"]

1. c4 e5 2. Nc3 Nc6 3. g3 g6 4. Bg2 Bg7 5. d3 f5 6. Nf3 d6 7. Bg5 Nge7 8. Qd2
h6 9. Be3 g5 10. Nxg5 hxg5 11. Bxg5 Be6 12. h4 Qd7 13. h5 O-O 14. Nd5 Bxd5 15.
cxd5 Nd8 16. O-O-O Kh8 17. e4 c6 18. Bh3 cxd5 19. exf5 Nxf5 20. Kb1 Kh7 21.
Bxd8 Qxd8 22. Bg2 Bh6 23. Qb4 Ne7 24. Bxd5 Nxd5 25. Qe4+ Kh8 26. Qxd5 Qe7 27.
Rdf1 Rac8 28. Qe4 Qh7 29. Qd5 Rc6 30. a3 Qf7 31. Qxf7 Rxf7 32. Rh4 Rb6 33. Ka2
Be3 34. f3 d5 35. Rh3 Bd4 36. b3 Rc6 37. Rh2 Rcf6 38. f4 exf4 39. g4 f3 40. g5
Re6 41. Rc1 Re2+ 42. Rxe2 fxe2 43. Rc8+ Kg7 44. Re8 Rf1 0-1

[Event "5. Oeffinger Schachopen 2014"]
[Site "Fellbach"]
[Date "2014.06.07"]
[Round "2.2"]
[White "Schömbs, Oliver"]
[Black "Holzhäuer, Mathias (FM)"]
[Result "0-1"]
[WhiteElo "1864"]
[BlackElo "2287"]
[PlyCount "52"]
[EventDate "2014.??.??"]

1. e4 d5 2. exd5 Nf6 3. d4 Bg4 4. f3 Bf5 5. Bb5+ Nbd7 6. Nc3 a6 7. Bd3 Bxd3 8.
Qxd3 Nb6 9. Bg5 Nbxd5 10. Ne4 Nb4 11. Qb3 Nxe4 12. fxe4 Qxd4 13. Ne2 Qc5 14.
Nc3 Qxg5 15. Qxb4 Qe3+ 16. Ne2 O-O-O 17. Rd1 Rxd1+ 18. Kxd1 e5 19. Qc4 Be7 20.
Rf1 Bg5 21. Qc3 Rd8+ 22. Ke1 Qxe4 23. Kf2 Rd2 24. Re1 Rxc2 25. Qa3 Qf4+ 26. Kg1
Qe3+ 0-1

[Event "5. Oeffinger Schachopen 2014"]
[Site "Fellbach"]
[Date "2014.06.07"]
[Round "2.3"]
[White "Degenhardt, Horst (FM)"]
[Black "Engelhardt, Frank"]
[Result "1-0"]
[WhiteElo "2254"]
[BlackElo "1876"]
[PlyCount "89"]
[EventDate "2014.??.??"]

1. e4 e5 2. Nf3 Nc6 3. Bc4 Be7 4. O-O Nf6 5. d3 d6 6. a4 O-O 7. Re1 Bg4 8. Nbd2
Nd4 9. h3 Nxf3+ 10. Nxf3 Be6 11. Bxe6 fxe6 12. c3 c5 13. Qb3 Qd7 14. Ng5 d5 15.
exd5 Nxd5 16. Rxe5 Bxg5 17. Bxg5 Qf7 18. Bh4 Rae8 19. Bg3 b6 20. a5 Qd7 21.
axb6 axb6 22. Rae1 Rf6 23. Qc4 Ra8 24. R5e4 Qc6 25. Rg4 Ra7 26. Qe4 Ne7 27. Bh4
Qxe4 28. Rgxe4 Rh6 29. Rxe6 Rxh4 30. Rxe7 Rxe7 31. Rxe7 Rh6 32. Kf1 Rd6 33. Ke2
h6 34. f4 Rf6 35. Ke3 Kh7 36. g4 Kg8 37. f5 Rf8 38. Ke4 Rd8 39. Re6 Rb8 40. Kd5
Kf7 41. Kc6 Rd8 42. Rd6 Re8 43. Kxb6 c4 44. Rd7+ Kf6 45. dxc4 1-0

[Event "5. Oeffinger Schachopen 2014"]
[Site "Fellbach"]
[Date "2014.06.07"]
[Round "2.4"]
[White "Böhmler, Thomas"]
[Black "Vaysberg, Alexander"]
[Result "0-1"]
[WhiteElo "1858"]
[BlackElo "2178"]
[PlyCount "78"]
[EventDate "2014.??.??"]

1. d4 d5 2. c4 Nc6 3. Nf3 Bg4 4. e3 e5 5. Qb3 Bxf3 6. gxf3 Bb4+ 7. Bd2 Bxd2+ 8.
Nxd2 exd4 9. cxd5 Nce7 10. e4 Nf6 11. Qa4+ c6 12. Qxd4 cxd5 13. Bb5+ Nc6 14. e5
Nd7 15. Qxd5 O-O 16. O-O-O Ndxe5 17. Bxc6 Nd3+ 18. Kb1 Nxf2 19. Bxb7 Rb8 20.
Ne4 Nxh1 21. Rxh1 Qb6 22. Nd6 Rfd8 23. Qxf7+ Kh8 24. Rc1 Rxd6 25. b3 Rd2 26.
Bc8 Qg6+ 27. Qxg6 hxg6 28. h3 Rb5 29. Be6 Re5 30. Bc4 Rg5 31. f4 Rgg2 32. Re1
Rb2+ 33. Kc1 Rxa2 34. Re8+ Kh7 35. Bg8+ Kh6 36. Kb1 Rae2 37. Rxe2 Rxe2 38. Bd5
Re3 39. h4 Rh3 0-1

[Event "5. Oeffinger Schachopen 2014"]
[Site "Fellbach"]
[Date "2014.06.07"]
[Round "3.37"]
[White "Florio, Antonio"]
[Black "Schnepp, Gunnar (FM)"]
[Result "0-1"]
[WhiteElo "1927"]
[BlackElo "2303"]
[PlyCount "50"]
[EventDate "2014.??.??"]

1. c4 c5 2. Nc3 Nf6 3. e4 d6 4. g3 Nc6 5. Bg2 g6 6. Nge2 Bg7 7. O-O Bd7 8. a3
O-O 9. Rb1 a5 10. d3 Rb8 11. Nb5 Ne8 12. d4 Nc7 13. Be3 b6 14. Nec3 Nxb5 15.
Nxb5 Qc8 16. b3 Bh3 17. Qd2 Bxg2 18. Kxg2 cxd4 19. Nxd4 a4 20. Nxc6 Qxc6 21.
Qd5 Rfc8 22. bxa4 Qxa4 23. Rb4 Qxa3 24. Rfb1 e6 25. Qd2 Bc3 0-1

[Event "5. Oeffinger Schachopen 2014"]
[Site "Fellbach"]
[Date "2014.06.07"]
[Round "2.5"]
[White "Heining, Thomas"]
[Black "Issaad, Pascal"]
[Result "1-0"]
[WhiteElo "2117"]
[BlackElo "1864"]
[PlyCount "35"]
[EventDate "2014.??.??"]

1. e4 e5 2. Nf3 Nc6 3. g3 Nf6 4. d3 Bc5 5. Bg2 d6 6. c3 Bd7 7. O-O O-O 8. b4
Bb6 9. Nbd2 a5 10. b5 Ne7 11. a4 c6 12. Ba3 cxb5 13. Bxd6 bxa4 14. Nxe5 Be8 15.
Nec4 Bc7 16. e5 Nd7 17. Bxb7 Rb8 18. Bg2 1-0

[Event "5. Oeffinger Schachopen 2014"]
[Site "Fellbach"]
[Date "2014.06.07"]
[Round "2.6"]
[White "Gabriel, Josef"]
[Black "Philippin, Otto"]
[Result "1/2-1/2"]
[WhiteElo "2056"]
[BlackElo "1862"]
[PlyCount "88"]
[EventDate "2014.??.??"]

1. e4 e5 2. Bc4 Nf6 3. Qe2 Nc6 4. c3 Bc5 5. Nf3 Qe7 6. O-O d6 7. d3 h6 8. Bb3
Bb6 9. Nbd2 Nd8 10. Nc4 Be6 11. Ne3 g6 12. g3 Bh3 13. Re1 Ne6 14. Kh1 Bxe3 15.
Bxe3 Bg4 16. Bd1 Ng5 17. Bxg5 hxg5 18. Qe3 Bxf3+ 19. Bxf3 g4 20. Be2 Qf8 21.
Kg2 Qh6 22. Qxh6 Rxh6 23. a4 Ke7 24. a5 Rhh8 25. Ra4 b5 26. Rb4 a6 27. d4 c5
28. Rb3 cxd4 29. cxd4 Rhc8 30. Bd3 Ra7 31. dxe5 dxe5 32. Ra3 Rac7 33. Raa1 Rd8
34. Ra3 Rdc8 35. h3 gxh3+ 36. Kxh3 g5 37. Kg2 Rc1 38. Ra1 Rxe1 39. Rxe1 Rd8 40.
Re3 Rd4 41. Bc2 Rd2 42. Rc3 Ng4 43. Kf3 Nh2+ 44. Kg2 Ng4 1/2-1/2

[Event "5. Oeffinger Schachopen 2014"]
[Site "Fellbach"]
[Date "2014.06.07"]
[Round "2.7"]
[White "Lind, Stephan"]
[Black "Syed, Tareq"]
[Result "0-1"]
[WhiteElo "1848"]
[BlackElo "2041"]
[PlyCount "78"]
[EventDate "2014.??.??"]

1. d4 c6 2. c4 d6 3. Nc3 Nf6 4. e4 e5 5. Nf3 Nbd7 6. h3 Be7 7. Be3 O-O 8. Be2
a6 9. a4 exd4 10. Bxd4 Nc5 11. Qc2 a5 12. O-O Nfd7 13. Rfd1 Qc7 14. Rac1 Ne5
15. Nxe5 dxe5 16. Be3 Na6 17. Qb3 Bc5 18. Na2 Be6 19. Rd2 Rfd8 20. Rcd1 b6 21.
Bxc5 Nxc5 22. Qc2 Rxd2 23. Rxd2 g6 24. Nc3 Rd8 25. Qd1 Rxd2 26. Qxd2 Nb3 27.
Qe3 Nd4 28. Bf1 Qd6 29. Na2 b5 30. Qc3 b4 31. Qd3 c5 32. Nc1 Qc6 33. b3 Kg7 34.
Qg3 Qxe4 35. Nd3 Nxb3 36. Qxe5+ Qxe5 37. Nxe5 Nc1 38. Nd3 Nxd3 39. Bxd3 b3 0-1

[Event "5. Oeffinger Schachopen 2014"]
[Site "Fellbach"]
[Date "2014.06.07"]
[Round "2.8"]
[White "Quernheim, Daniel"]
[Black "Wohlfahrt, Michael"]
[Result "1/2-1/2"]
[WhiteElo "2032"]
[BlackElo "1849"]
[PlyCount "107"]
[EventDate "2014.??.??"]

1. d4 d5 2. c4 c6 3. Nf3 Nf6 4. Nc3 a6 5. c5 Bf5 6. Bg5 Nbd7 7. e3 e6 8. Nh4
Bg4 9. Qb3 b5 10. cxb6 Qxb6 11. Qxb6 Nxb6 12. h3 Bh5 13. g4 Bg6 14. Nxg6 hxg6
15. Bxf6 gxf6 16. Rc1 Kd7 17. a3 a5 18. Be2 Bd6 19. h4 e5 20. dxe5 fxe5 21. Kd2
e4 22. Rcf1 Ke6 23. f4 exf3 24. Rxf3 Rab8 25. Kc2 Nd7 26. h5 Ne5 27. Rfh3 Rh6
28. g5 Rhh8 29. h6 Rh7 30. Nd1 Be7 31. Rg1 Rf8 32. Rh4 f6 33. gxf6 Bxf6 34. Ra4
Bd8 35. Rh1 Rfh8 36. Nf2 Rxh6 37. Rxh6 Rxh6 38. Nd3 Nxd3 39. Kxd3 g5 40. Rg4
Ke5 41. b4 Rh4 42. Bf3 axb4 43. axb4 Rxg4 44. Bxg4 Be7 45. Bd7 Bxb4 46. Bxc6 g4
47. Bd7 g3 48. Bh3 Bd6 49. Bg2 Be7 50. Bf3 Bg5 51. Bg2 Bf6 52. Bf3 Kd6 53. Bg2
Kc5 54. Bf3 1/2-1/2

[Event "5. Oeffinger Schachopen 2014"]
[Site "Fellbach"]
[Date "2014.06.07"]
[Round "3.1"]
[White "Shishkin, Vadim (GM)"]
[Black "Siegle, Florian"]
[Result "1-0"]
[WhiteElo "2489"]
[BlackElo "2003"]
[PlyCount "41"]
[EventDate "2014.??.??"]

1. d4 Nf6 {[%emt 0:00:00]} 2. c4 e5 3. dxe5 Ng4 4. e4 Nxe5 5. f4 Ng6 6. Be3
Bb4+ 7. Nd2 Qe7 8. Ngf3 Qxe4 9. Kf2 Bxd2 10. Qxd2 O-O 11. Bd3 Qe7 12. h4 d6 13.
h5 Nh8 14. h6 g6 15. Rae1 Nd7 16. Bd4 Qd8 17. Bg7 Re8 18. Rxe8+ Qxe8 19. Re1
Qd8 20. Qe3 Nf8 21. Bxh8 1-0

[Event "5. Oeffinger Schachopen 2014"]
[Site "Fellbach"]
[Date "2014.06.07"]
[Round "3.2"]
[White "Holzhäuer, Mathias (FM)"]
[Black "Pfrommer, Martin"]
[Result "1-0"]
[WhiteElo "2287"]
[BlackElo "1970"]
[PlyCount "39"]
[EventDate "2014.??.??"]

1. e4 c6 2. d4 d5 3. exd5 cxd5 4. Bd3 Nc6 5. c3 Nf6 6. Bf4 e6 7. Nf3 Bd6 8.
Bxd6 Qxd6 9. O-O O-O 10. Re1 Ng4 11. Bxh7+ Kxh7 12. Ng5+ Kg6 13. Qxg4 f5 14.
Qh4 Bd7 15. f4 Rh8 16. Qg3 Kf6 17. Nd2 Rh6 18. Ndf3 Re8 19. Ne5 Qe7 20. Ne4+
1-0

[Event "5. Oeffinger Schachopen 2014"]
[Site "Fellbach"]
[Date "2014.06.07"]
[Round "3.3"]
[White "Weida, Alexander"]
[Black "Degenhardt, Horst (FM)"]
[Result "0-1"]
[WhiteElo "1934"]
[BlackElo "2254"]
[PlyCount "60"]
[EventDate "2014.??.??"]

1. e4 d6 2. d4 Nf6 3. Nc3 e5 4. Nf3 Nbd7 5. Bc4 Be7 6. g4 Nb6 7. dxe5 Nxc4 8.
exf6 Bxf6 9. g5 Bxc3+ 10. bxc3 Bg4 11. Qd3 O-O 12. Nd4 d5 13. h3 Bh5 14. O-O
Re8 15. f3 Bg6 16. Nf5 c6 17. Qd4 Bxf5 18. exf5 Qd7 19. Qg4 Re2 20. Rf2 Rae8
21. Bf4 Rxf2 22. Kxf2 Qe7 23. f6 Qe2+ 24. Kg3 Re6 25. g6 hxg6 26. fxg7 Ne3 27.
Bxe3 Qxe3 28. h4 Qxc3 29. Rb1 b6 30. Qf4 Kxg7 0-1

[Event "5. Oeffinger Schachopen 2014"]
[Site "Fellbach"]
[Date "2014.06.07"]
[Round "3.4"]
[White "Vaysberg, Alexander"]
[Black "Franz, Michael"]
[Result "0-1"]
[WhiteElo "2178"]
[BlackElo "1952"]
[PlyCount "66"]
[EventDate "2014.??.??"]

1. e4 c5 2. Nf3 e6 3. d3 d6 4. g3 Nf6 5. Bg2 Be7 6. O-O O-O 7. c3 Qc7 8. Re1
Nbd7 9. d4 e5 10. Nbd2 b6 11. Nf1 Bb7 12. d5 c4 13. Nh4 Nc5 14. Nf5 Nd3 15. Re2
Rfc8 16. Bg5 h6 17. Bh4 Kh7 18. Qd2 Rg8 19. N1e3 g5 20. Nxh6 gxh4 21. Nxg8 Rxg8
22. Nf5 Bf8 23. Nxh4 Bc8 24. h3 Bh6 25. Qc2 Bd7 26. Kh2 Qc8 27. b4 Qf8 28. Rg1
Qg7 29. Bf3 Nf4 30. Ree1 Nxh3 31. Rh1 Ng4+ 32. Bxg4 Qxg4 33. Qe2 Qxh4 0-1

[Event "5. Oeffinger Schachopen 2014"]
[Site "Fellbach"]
[Date "2014.06.07"]
[Round "3.5"]
[White "Gibicar, Marc"]
[Black "Heining, Thomas"]
[Result "0-1"]
[WhiteElo "1917"]
[BlackElo "2117"]
[PlyCount "78"]
[EventDate "2014.??.??"]

1. d4 Nf6 2. Nf3 g6 3. Nc3 d5 4. Bf4 Bg7 5. e3 O-O 6. Be2 c6 7. h4 Bg4 8. Ne5
Bxe2 9. Qxe2 Nbd7 10. O-O-O Nxe5 11. Bxe5 b5 12. g4 Qa5 13. g5 Nh5 14. Bxg7
Kxg7 15. a3 b4 16. Nb1 bxa3 17. Nxa3 Rab8 18. Qd2 Rb4 19. c3 Rb3 20. c4 Qa4 21.
Qc2 Rfb8 22. Rd3 dxc4 23. Rc3 Rxc3 24. Qxc3 Rb3 25. Qc2 c3 26. Nb1 cxb2+ 27.
Kd2 Qb5 28. Rd1 a5 29. Ke1 a4 30. Qe4 a3 31. d5 a2 32. Qe5+ Kg8 33. Nc3 Qb4 34.
Ke2 Rxc3 35. Kf3 Qd6 36. Qxc3 b1=Q 37. Rd4 a1=Q 38. Qd2 Qh1+ 39. Ke2 Qaf1# 0-1

[Event "5. Oeffinger Schachopen 2014"]
[Site "Fellbach"]
[Date "2014.06.07"]
[Round "3.6"]
[White "Syed, Tareq"]
[Black "Zehring, Mathias"]
[Result "1/2-1/2"]
[WhiteElo "2041"]
[BlackElo "1890"]
[PlyCount "31"]
[EventDate "2014.??.??"]

1. d3 e5 2. g3 d5 3. Bg2 Nf6 4. c3 Bc5 5. Na3 O-O 6. Nc2 c6 7. Nf3 Re8 8. O-O
Bg4 9. Ne3 Bh5 10. Nf5 e4 11. dxe4 Nxe4 12. Be3 Bxe3 13. Nxe3 Nd7 14. Qd4 Ndf6
15. Rad1 Qa5 16. Qb4 1/2-1/2

[Event "5. Oeffinger Schachopen 2014"]
[Site "Fellbach"]
[Date "2014.06.07"]
[Round "3.7"]
[White "Graf, Michael"]
[Black "Kolb, Roland"]
[Result "1/2-1/2"]
[WhiteElo "1830"]
[BlackElo "2015"]
[PlyCount "90"]
[EventDate "2014.??.??"]

1. b4 d5 2. Bb2 Bf5 3. e3 Nd7 4. Nf3 e6 5. Be2 Ngf6 6. b5 Bd6 7. d4 c6 8. a4
Qc7 9. Nbd2 cxb5 10. Bxb5 Qxc2 11. Qxc2 Bxc2 12. Rc1 Bg6 13. Ne5 a6 14. Be2 O-O
15. O-O Rfc8 16. Nxg6 hxg6 17. Nf3 Ne4 18. Rfd1 Nb6 19. a5 Na4 20. Ba1 Nac3 21.
Bxc3 Nxc3 22. Rxc3 Rxc3 23. Rb1 Rac8 24. Rxb7 Rc1+ 25. Bf1 Rb8 26. Rd7 Bc7 27.
g3 Kf8 28. Ng5 Ke8 29. Rxf7 Bd8 30. Rxg7 Rbb1 31. Nxe6 Rxf1+ 32. Kg2 Rg1+ 33.
Kf3 Bxa5 34. Kf4 Be1 35. Nc7+ Kf8 36. Ne6+ Ke8 37. Nc7+ Kf8 38. Ne6+ Ke8 39.
Ke5 a5 40. Kf6 Bb4 41. Rc7 Rgc1 42. Ng7+ Kd8 43. Ne6+ Ke8 44. Ng7+ Kd8 45. Ne6+
Ke8 1/2-1/2

[Event "5. Oeffinger Schachopen 2014"]
[Site "Fellbach"]
[Date "2014.06.07"]
[Round "3.8"]
[White "Vrabac, Branko"]
[Black "Schmid, Bernd"]
[Result "1-0"]
[WhiteElo "2011"]
[BlackElo "1828"]
[PlyCount "63"]
[EventDate "2014.??.??"]

1. f4 d5 2. e3 g6 3. Nf3 Bg7 4. a4 Nf6 5. a5 a6 6. Ne5 Nbd7 7. d4 Ne4 8. c4 e6
9. Qf3 O-O 10. Bd3 f5 11. h4 Nxe5 12. dxe5 Nc5 13. Ra3 c6 14. b4 Ne4 15. Nc3 b6
16. Bxe4 fxe4 17. Qe2 Bd7 18. h5 Re8 19. hxg6 hxg6 20. Ra2 Kf7 21. g4 bxa5 22.
Rxa5 Rh8 23. Rxh8 Qxh8 24. c5 Qc8 25. Na4 Ra7 26. Nb6 Qb7 27. Bd2 Bc8 28. Qh2
Kg8 29. Ke2 Bf8 30. Be1 Qh7 31. Qxh7+ Kxh7 32. Bh4 1-0

[Event "5. Oeffinger Schachopen 2014"]
[Site "Fellbach"]
[Date "2014.06.08"]
[Round "4.1"]
[White "Heining, Thomas"]
[Black "Shishkin, Vadim (GM)"]
[Result "1/2-1/2"]
[WhiteElo "2117"]
[BlackElo "2489"]
[PlyCount "99"]
[EventDate "2014.??.??"]

1. e4 c5 2. Nf3 Nc6 3. d4 cxd4 4. Nxd4 Nf6 5. Nc3 d6 6. f3 e5 7. Nb3 Be7 8. Be3
Be6 9. Qd2 d5 10. exd5 Nxd5 11. Nxd5 Qxd5 12. O-O-O O-O-O 13. Qxd5 Bxd5 14. Bb5
Kc7 15. Rhe1 a6 16. Bf1 h6 17. Nc5 Bh4 18. c4 Be6 19. Nxe6+ fxe6 20. Rxd8 Rxd8
21. Rd1 Bg5 22. Bxg5 Rxd1+ 23. Kxd1 hxg5 24. Kd2 Kd6 25. Bd3 b6 26. Kc3 a5 27.
a3 Kc5 28. Be4 Nd4 29. b4+ axb4+ 30. axb4+ Kd6 31. Kd3 Nb3 32. Ke3 Nd4 33. Kf2
Nf5 34. Bxf5 exf5 35. Kg3 Ke6 36. h4 gxh4+ 37. Kxh4 e4 38. fxe4 fxe4 39. Kg3
Ke5 40. c5 bxc5 41. bxc5 Kd5 42. Kf4 Kxc5 43. Kxe4 Kd6 44. Kf5 Ke7 45. Kg6 Kf8
46. g3 Kg8 47. g4 Kh8 48. Kf7 Kh7 49. g5 Kh8 50. g6 1/2-1/2